000 01376nam a2200349Ia 4500
001 ebr10346728
003 CaPaEBR
006 m u
007 cr cn|||||||||
008 090331s2009 ne a sb 001 0 eng d
020 _z9789089640680
020 _z9089640681
020 _z9789048506668 (e-ISBN)
020 _z9048506662 (e-ISBN)
040 _aCaPaEBR
_cCaPaEBR
035 _a(OCoLC)646854471
050 1 4 _aP94.6
_b.D54 2009eb
245 0 0 _aDigital material
_h[electronic resource] :
_btracing new media in everyday life and technology /
_cedited by Marianne van den Boomen ... [et al.].
260 _aAmsterdam :
_bAmsterdam University Press,
_c2009.
300 _a303 p. :
_bill.
490 1 _aMediaMatters
504 _aIncludes bibliographical references and index.
533 _aElectronic reproduction.
_bPalo Alto, Calif. :
_cebrary,
_d2011.
_nAvailable via World Wide Web.
_nAccess may be limited to ebrary affiliated libraries.
650 0 _aMass media and culture.
650 0 _aDigital media
_xSocial aspects.
650 0 _aMass media
_xTechnological innovations.
655 7 _aElectronic books.
_2local
700 1 _aBoomen, Marianne van den.
710 2 _aebrary, Inc.
830 0 _aMediaMatters.
856 4 0 _uhttp://site.ebrary.com/lib/rucke/Doc?id=10346728
_zAn electronic book accessible through the World Wide Web; click to view
999 _c32360
_d32360